[Event "Cholet-B"]
[Site "Cholet"]
[Date "2011.03.06"]
[Round "2"]
[White "Fernandez, Clement"]
[Black "Pichard, Jean Marc"]
[Result "1/2-1/2"]
[WhiteElo "1712"]
[BlackElo "1766"]
[PlyCount "48"]
[EventDate "2011.03.05"]
[EventType "tourn"]
[EventRounds "9"]
[EventCountry "FRA"]
[SourceTitle "EXT 2012"]
[Source "ChessBase"]
[SourceDate "2011.11.24"]
[SourceVersion "1"]
[SourceVersionDate "2011.11.24"]
[SourceQuality "1"]

1. d4 Nf6 2. Nf3 d6 3. Bg5 Nbd7 4. Nbd2 c6 5. e4 Qc7 6. Bd3 e5 7. c3 Be7 8. 0-0 0-0 9. Re1 Re8 10. Bf1 Nf8 11. dxe5 dxe5 12. Bh4 Ng6 13. Bg3 Bg4 14. h3 Bxf3 15. Nxf3 Rad8 16. Qb3 h6 17. Nd4 Qb6 18. Qxb6 axb6 19. Nf3 Bf8 20. Bc4 b5 21. Bb3 b4 22. Nh4 Nxh4 23. Bxh4 g5 24. Bg3 Rd2 1/2-1/2

[Event "Pays de Loire-chT"]
[Site "Cholet"]
[Date "2009.??.??"]
[Round "5"]
[White "Pichard, Jean Marc"]
[Black "Bouvet, Florian"]
[Result "1/2-1/2"]
[WhiteElo "1774"]
[BlackElo "1559"]
[PlyCount "26"]
[EventDate "2009.06.??"]
[EventType "team-tourn"]
[EventRounds "6"]
[EventCountry "FRA"]
[SourceTitle "EXT 2010"]
[Source "ChessBase"]
[SourceDate "2010.11.25"]
[SourceVersion "1"]
[SourceVersionDate "2010.11.25"]
[SourceQuality "1"]

1. d4 d5 2. c4 e6 3. g3 c6 4. Bg2 Nf6 5. Nd2 b6 6. Ngf3 Bb7 7. 0-0 Be7 8. Qc2 Na6 9. a3 Rc8 10. Rd1 0-0 11. e4 c5 12. exd5 exd5 13. dxc5 Nxc5 1/2-1/2

[Event "Pays de Loire-chT"]
[Site "Cholet"]
[Date "2009.??.??"]
[Round "3"]
[White "Somerville, Antoine"]
[Black "Pichard, Jean Marc"]
[Result "0-1"]
[WhiteElo "1592"]
[BlackElo "1774"]
[PlyCount "80"]
[EventDate "2009.06.??"]
[EventType "team-tourn"]
[EventRounds "6"]
[EventCountry "FRA"]
[SourceTitle "EXT 2010"]
[Source "ChessBase"]
[SourceDate "2010.11.25"]
[SourceVersion "1"]
[SourceVersionDate "2010.11.25"]
[SourceQuality "1"]

1. d4 Nf6 2. c4 d6 3. Nc3 Nbd7 4. Nf3 e5 5. dxe5 dxe5 6. Bg5 c6 7. a3 a5 8. Ne4 Qc7 9. Bxf6 Nxf6 10. Nxf6+ gxf6 11. Qc2 Be6 12. e3 a4 13. Bd3 Qa5+ 14. Nd2 0-0-0 15. 0-0-0 h5 16. Bf5 Be7 17. Bxe6+ fxe6 18. Nb1 Kb8 19. Nc3 b5 20. cxb5 cxb5 21. b4 axb3 22. Qxb3 Rc8 23. Kb2 Bxa3+ 24. Qxa3 Qxa3+ 25. Kxa3 Rxc3+ 26. Kb4 Rc2 27. Rhf1 Rhc8 28. Rd7 Rb2+ 29. Ka5 Rc7 30. Rd6 Ra7+ 31. Kb6 Rb7+ 32. Ka5 Kc7 33. Rxe6 Ra7+ 34. Ra6 Ra2+ 35. Kxb5 R7xa6 36. Rc1+ Kd6 37. Rd1+ Ke7 38. f4 Rd6 39. Rc1 Rb2+ 40. Ka4 Ra6# 0-1

[Event "Angers op 3rd"]
[Site "Angers"]
[Date "2008.04.27"]
[Round "5"]
[White "Pichard, Jean Marc"]
[Black "Egreteau, Eric"]
[Result "0-1"]
[WhiteElo "1762"]
[BlackElo "2084"]
[PlyCount "70"]
[EventDate "2008.04.25"]
[EventType "swiss"]
[EventRounds "6"]
[EventCountry "FRA"]
[SourceTitle "CBM 123 Extra"]
[Source "ChessBase"]
[SourceDate "2008.05.06"]
[SourceVersion "1"]
[SourceVersionDate "2008.05.06"]
[SourceQuality "1"]

1. d4 d5 2. Nf3 Bf5 3. Nbd2 e6 4. c4 c6 5. g3 h6 6. Bg2 Nd7 7. 0-0 Ngf6 8. b3 Be7 9. Bb2 0-0 10. Ne5 a5 11. a3 Bh7 12. Nxd7 Qxd7 13. f3 Rfd8 14. Qe1 Qc7 15. Qf2 Qb6 16. Rac1 Qa7 17. e4 Rac8 18. Kh1 Rd7 19. cxd5 exd5 20. Bh3 Rcd8 21. Bxd7 Rxd7 22. e5 Ne8 23. f4 Bf5 24. Kg2 g6 25. h3 h5 26. Qe2 Ng7 27. g4 Be6 28. Rc3 f5 29. g5 Qxd4 30. Rc2 Qb6 31. Rfc1 d4 32. Qd3 Bd5+ 33. Kg3 h4+ 34. Kxh4 Ne6 35. Kg3 Qd8 0-1